000 00608nam a2200229Ia 4500
003 OSt
005 20220928105131.0
006 a|||||r|||| 00| 0
007 ta
008 220927b |||||||| |||| 00| 0 eng d
024 _a95182
037 _cTextual
040 _aSDCL
_cSDCL
_beng
041 _2eng
_aeng
082 _aO152,1N:g, K1
100 _aSharma Nityanand
_9413982
245 0 _aHindi kavya men prateek vidhaan.
260 _aDehradoon
_bSahitya Sadan
_c2003
300 _a335p
_ccm.
942 _hO152,1N:g, K1
_cTEXL
_2CC
999 _c729798
_d729798